| 000 | 00599nam a2200193 a 4500 | ||
|---|---|---|---|
| 005 | 20220603063635.0 | ||
| 008 | 070829s2001 mx r 000 0 spa d | ||
| 020 | _a043922649X | ||
| 035 | _aUPN01000151596 | ||
| 049 | _aI | ||
| 050 | 4 |
_aPZ78 _bD4.38 |
|
| 100 | 1 |
_aDelacre, Lulu _938006 |
|
| 245 | 1 | 0 |
_aCuentos con sazón : _bcuentos y grabados en linóleo de Lulu Delacre / _cLulu Delacre ; tr. Susana Pasternac. |
| 260 |
_aNew York : _bScholastic, _c2001. |
||
| 300 |
_a103 p. : _bil. |
||
| 650 | 4 |
_aCuentos infantiles _96744 |
|
| 650 | 4 |
_aCOCINA - _vLITERATURA JUVENIL _96317 |
|
| 905 | _aInfantil | ||
| 999 |
_c123732 _d123732 |
||